00524nam a2200145Ia 4500008004100000041000800041082001500049100001600064245004400080260003900124300003300163365001100196999001700207952015400224240624s9999 xx 000 0 und d aeng a808.51 LEA aLEANNE SHEL aSAY IT LIKE OBAMA THE POWER OF SPEAKING c2009aNew DelhibTata McGraw- Hill axxiii, : 214 : p. : cm. ; 20 cRSb20 c17199d17199 00104070aIMTNbIMTNcRack 38-Ad2011-06-13eWBDg395.00l4n148o808.51 LEAp17199q2026-01-26r2026-01-16 14:58:56s2026-01-16t1w2024-06-24yBK